| 000 | 00319nam a2200109Ia 4500 | ||
|---|---|---|---|
| 008 | 220204s9999 xx 000 0 und d | ||
| 082 |
_aNR:62:625.1 _bREC;1 |
||
| 245 | 0 | _aRecent French developments in the use of rubber for railways: proceedings | |
| 260 |
_aLondon _bBRDB _c1952 |
||
| 650 | _aRubber railways | ||
| 942 | _cBK | ||
| 999 |
_c20199 _d20199 |
||